MARC

LEADER 00000nam0a2200000 4500
001 365826
005 20231102011825.0
035 |a (RuTPU)RU\TPU\retro\23189 
090 |a 365826 
100 |a 20220121d1979 km y0rusy50 ca 
101 1 |a rus  |c eng 
102 |a RU 
105 |a a z 001zy 
200 1 |a Инноры и устойчивость динамических систем  |e пер. с англ.  |f Э. Джури  |g пер. З. Н. Кравец ; под ред. Я. З. Цыпкина 
210 |a Москва  |c Наука  |d 1979 
215 |a 300 с.  |c ил. 
320 |a Библиогр.: с. 289-299 
606 1 |a Динамические системы сложные  |2 stltpush  |3 (RuTPU)RU\TPU\subj\69289  |9 84212 
610 1 |a инноры 
610 1 |a устойчивость 
610 1 |a теория матриц 
610 1 |a корни 
610 1 |a многочлены 
610 1 |a распределение 
610 1 |a теория управления 
610 1 |a интегральные представления 
610 1 |a погрешности 
610 1 |a оптимальное управление 
675 |a 681.51.033  |v 4 
700 1 |a Джури  |b Э. 
702 1 |a Кравец  |b З. Н.  |4 730 
702 1 |a Цыпкин  |b Я. З.  |4 340 
801 1 |a RU  |b 63413507  |c 20220121 
942 |c BK